000 01732nam a22004457a 4500
001 000095793
003 CHAP
005 20220329143124.0
008 060524d2006 mx d r 00110 spa d
010 _a92259
011 _a93231
035 _a103803
040 _cCHAP
090 _aTesis
100 1 _aGutiérrez Balbuena, José Manuel.
_951629
245 1 0 _aEfecto de fechas de siembra en la incidencia de insectos fitófagos en tres variedades de frijol (Phaseolus vulgaris L.) /
_c/por José Manuel Gutiérrez Balbuena.
260 _aChapingo, Méx. :
_bEl autor,
_c2006.
300 _a66 h. :
_bgráfs. ; cuadros.
502 _aTesis (Ing. Agr. Esp. en Parasitología Agrícola) -- UACH. Departamento de Parasitología Agrícola
590 _aALEPH
_b10
_c20130110
_lUCH01
_h1512
590 _aBATCH-UPD
_b10
_c20130110
_lUCH01
_h0944
590 _aBATCH-UPD
_b10
_c20130410
_lUCH01
_h0559
590 _aBATCH-UPD
_b10
_c20130914
_lUCH01
_h1353
590 _aBATCH-UPD
_b10
_c20140324
_lUCH01
_h1457
590 _aBATCH-UPD
_b10
_c20141002
_lUCH01
_h0830
590 _aCONVERSION
_b10
_c20130109
_lUCH01
_h1351
590 _aE5765TAJ
_b10
_c20130613
_lUCH01
_h0921
590 _aE5765TAJ
_b10
_c20130703
_lUCH01
_h1124
650 1 4 _aFechas de siembra.
_939904
650 1 4 _aFrijol
_xPlagas.
_943415
650 1 4 _aFrijol
_xVariedades resistentes a plagas.
_943450
650 1 4 _aFrijol
_xVariedades.
_943446
856 _3Finding aid
_uhttp://10.13.5.2/tesis/103803.pdf
_zTeclea aquí
901 _aBK
905 _aMarco A. Mendoza T.
942 _cCD
942 _n0
949 _aTesis
_bBC
_cTES
_d00000001038031
_eTS1
_gDonaciØn
_h45284
_i103803
_sb
949 _aTesis
_bBC
_cTES
_d33724000999264
_eTS2
_fc.2
_gDonaciØn
_h45285
_i103803
_sb
999 _c92259
_d92259